| 000 | 00816nam a2200253 a 4500 | ||
|---|---|---|---|
| 001 | 59056 | ||
| 003 | BD-RjUL | ||
| 005 | 20211209080705.0 | ||
| 008 | 161220s1983 ilua b 000 0 eng | ||
| 020 |
_a0870943685 : _c$17.95 |
||
| 035 | _a(BD-RjUL)59180 | ||
| 040 |
_aDLC _cDLC _dBD-RjUL _beng |
||
| 041 | _aeng | ||
| 082 | 0 | 0 |
_a658 _223 _bPAM 1983 |
| 100 | 1 |
_aPatchin, Robert I. _9175641 |
|
| 245 | 1 | 4 |
_aThe management and maintenance of quality circles / _cRobert I. Patchin ; edited by Robert Cunningham. |
| 260 |
_aHomewood, Ill. : _bDow Jones-Irwin, _cc1983. |
||
| 300 |
_aviii, 145 p. : _bill. ; _c24 cm. |
||
| 504 | _aIncludes bibliographical references. | ||
| 650 | 0 |
_aManagement _2Quality circles. _9172842 |
|
| 700 | 1 |
_aCunningham, Robert, _d1918- _9175642 |
|
| 942 |
_2ddc _cBK |
||
| 999 |
_c59056 _d59056 |
||